| 000 | 01132nam a2200337 4500 | ||
|---|---|---|---|
| 999 |
_c23455 _d23455 |
||
| 001 | vtls012025149 | ||
| 005 | 20221011074814.0 | ||
| 008 | 210427s2021 xo e 000 f slo c | ||
| 020 |
_a9788055177014 _q(viazané) |
||
| 040 |
_aTTKJF _bslo _cTTKJF _erda |
||
| 041 | 1 |
_aslo _heng |
|
| 044 |
_axo _cSK |
||
| 072 | 7 |
_a821.111(73)-3 _xAmerická próza _2konspekt |
|
| 080 |
_a821.111(73)-31 _22011 |
||
| 080 |
_a(0:82-312.5) _22011 |
||
| 100 | 1 |
_aLindsey, Johana, _d1952-2017 _4aut _93674 |
|
| 240 | 1 | 0 |
_aGentle Rogue _lSlovensky |
| 245 | 1 | 0 |
_aNežný darebák _cJohanna Lindseyová ; preložili Martin Albrecht a Martina Masárová |
| 264 | 1 |
_aBratislava _bIkar, a.s. _c2021 |
|
| 300 |
_a332 strán _c21 cm |
||
| 336 |
_atext _btxt _2rdacontent |
||
| 337 |
_abez média _bn _2rdamedia |
||
| 338 |
_azväzok _bnc _2rdacarrier |
||
| 500 | _aPreložené z angličtiny | ||
| 655 | 7 |
_aamerické romány _2SNKPH _92 |
|
| 655 | 7 |
_aľúbostné romány _2SNKPH _913 |
|
| 655 | 7 |
_aAmerican fiction _2SNKPHeng _93 |
|
| 655 | 7 |
_aLove novels _2SNKPHeng _91667 |
|
| 700 | 1 |
_aAlbrecht, Martin _4trl _93675 |
|
| 700 | 1 |
_aMasárová, Martina _4trl _93676 |
|